| 000 | 00690cab a22002055a 4500 | ||
|---|---|---|---|
| 001 | L152028 | ||
| 008 | 110126e20110121xxkd f s 000 0 eng d | ||
| 035 | _a(Sirsi) u152028 | ||
| 041 | 0 | _aeng | |
| 110 | 2 |
_aExperian Business Strategies _94789 |
|
| 245 | 0 | 4 |
_aThe tracker _bthat's snow business |
| 260 | _c2011 | ||
| 490 |
_aBuilding _v276 (8662) 21 January 2011, 54-55(2) |
||
| 520 | _aEconomic summary of the state of play, leading construction activity indicator, material costs, and regional perspective in the UK. | ||
| 590 | _aKA | ||
| 650 | 2 | 4 | _aEXPERIAN CONSTRUCTION INDUSTRY FOCUS |
| 651 | 4 |
_aUnited Kingdom _y |
|
| 690 | _aBUILT ENVIRONMENT-CONSTRUCTION MARKET | ||
| 942 | _n0 | ||
| 999 |
_c82883 _d82883 |
||